Blue Venom and Forbidden Incense Two Novellas (Record no. 12409)

MARC details
000 -LEADER
fixed length control field 00387nam a22001577a 4500
003 - CONTROL NUMBER IDENTIFIER
control field OSt
008 - FIXED-LENGTH DATA ELEMENTS--GENERAL INFORMATION
fixed length control field 240409b |||||||| |||| 00| 0 eng d
020 ## - INTERNATIONAL STANDARD BOOK NUMBER
International Standard Book Number 9780857425010
082 ## - DEWEY DECIMAL CLASSIFICATION NUMBER
Classification number 891.4437
Item number HAB
100 ## - MAIN ENTRY--PERSONAL NAME
Personal name HAQ, Syed Shamsul
245 ## - TITLE STATEMENT
Title Blue Venom and Forbidden Incense Two Novellas
250 ## - EDITION STATEMENT
Edition statement 1st Ed
260 ## - PUBLICATION, DISTRIBUTION, ETC. (IMPRINT)
Place of publication, distribution, etc Cacutta
Name of publisher, distributor, etc Seagull
Date of publication, distribution, etc 2015
300 ## - PHYSICAL DESCRIPTION
Extent 180
942 ## - ADDED ENTRY ELEMENTS (KOHA)
Source of classification or shelving scheme Dewey Decimal Classification
Koha item type Reference Books
Holdings
Withdrawn status Lost status Source of classification or shelving scheme Damaged status Not for loan Collection code Home library Current library Date acquired Source of acquisition Currency Cost, normal purchase price Bill Number Total Checkouts Full call number Acc. no. / Barcode Date last seen Actual Cost, discounted price Bill Date Koha item type
    Dewey Decimal Classification     GENERAL PIET C-LIBRARY PIET C-LIBRARY 23/03/2024 Zafaa Books and Distributors In rupees 499.00 ZBD0440   891.4437 HAB 35913 09/04/2024 349.30 23/03/2024 Reference Books

Design & Developed by: PIET Central Library
R70 Miles Stone Pattikalyana Samalkha Panipat 132102
mail ID :- [email protected], Phone No:- 0180-2569700 Ex.216